Xianggang fa lü yu Xianggang zheng zhi /
Saved in:
| Main Author: | |
|---|---|
| Format: | Book |
| Language: | Chinese |
| Published: |
Xianggang :
Guang jiao jing chu ban she : Fa xing Hua feng shu ju,
1990.
|
| Edition: | Chu ban. |
| Subjects: | |
| Tags: |
Add Tag
No Tags, Be the first to tag this record!
|
| LEADER | 01236cam a2200349 a 4500 | ||
|---|---|---|---|
| 001 | 007796175-7 | ||
| 005 | 20100610155445.0 | ||
| 008 | 920624s1990 hk b 000 0 chi | ||
| 010 | |a 92168987 /ACN/r982 | ||
| 020 | |a 9622263178 : |c HK$50.00 | ||
| 035 | 1 | |a MAHL92B1321 | |
| 035 | 0 | |a ocm22850859 | |
| 035 | 1 | |z UTBO90B2459 | |
| 040 | |a DLC |c DLC |d MH-HY |d CStRLIN | ||
| 043 | |a a-hk--- | ||
| 050 | 0 | 0 | |a KNR7 |b .C44 1990 |
| 100 | 1 | |6 880-01 |a Chen, Hongyi, |d 1957- | |
| 245 | 1 | 0 | |6 880-02 |a Xianggang fa lü yu Xianggang zheng zhi / |c Chen Hongyi zhu. |
| 250 | |6 880-03 |a Chu ban. | ||
| 260 | |6 880-04 |a Xianggang : |b Guang jiao jing chu ban she : |b Fa xing Hua feng shu ju, |c 1990. | ||
| 300 | |a vii, 116 p. ; |c 21 cm. | ||
| 500 | |a Colophon title also in English: Law and politics in Hong Kong. | ||
| 504 | |a Includes bibliographical references. | ||
| 650 | 0 | |a Law |z China |z Hong Kong. | |
| 651 | 0 | |a Hong Kong (China) |x Politics and government. | |
| 740 | 0 | |a Law and politics in Hong Kong. | |
| 880 | 1 | |6 100-01 |a 陳弘毅, |d 1957- | |
| 880 | 1 | 0 | |6 245-02 |a 香港法律與香港政治 / |c 陳弘毅著. |
| 880 | |6 250-03 |a 初版. | ||
| 880 | |6 260-04 |a 香港 : |b 廣角鏡出版社 : |b 發行華風書局, |c 1990. | ||
| 988 | |a 20021102 | ||
| 906 | |0 DLC | ||


